[Event "14th EUR-ch"]
[Site "Legnica POL"]
[Date "2013.05.08"]
[Round "4"]
[White "Navara, David"]
[Black "Oleksienko, Mykhailo"]
[Result "1/2-1/2"]
[WhiteElo "2697"]
[BlackElo "2565"]
[EventDate "2013.05.05"]
[PlyCount "144"]

1.e4 e5 2.Nf3 Nc6 3.Bb5 f5 4.Nc3 fxe4 5.Nxe4 Nf6 6.Qe2 d5 7.Nxf6+ gxf6 8.
d4 e4 9.Nh4 Be6 10.O-O Qd7 11.f3 O-O-O 12.fxe4 dxe4 13.Be3 a6 14.a4 Kb8 
15.d5 Qxd5 16.Rad1 Qe5 17.Bxc6 Bc5 18.Kh1 Rxd1 19.Rxd1 bxc6 20.Bxc5 Qxc5 
21.Qxe4 Bd5 22.Qe2 Qb4 23.Qe1 Qxa4 24.Ra1 Qxc2 25.Qb4+ Kc8 26.Qg4+ Kb7 27.
Qb4+ Kc8 28.Qg4+ Kd8 29.Qg7 Rg8 30.Qxf6+ Kc8 31.Qf1 Qc4 32.Qxc4 Bxc4 33.
Nf3 Kb7 34.Kg1 Bd5 35.Kf2 Kb6 36.h3 c5 37.Ra3 c4 38.g4 Rb8 39.Ne5 Ka7 40.
Ke3 Rxb2 41.Kd4 c6 42.g5 Rg2 43.h4 Kb6 44.Ra1 Rd2+ 45.Kc3 Rh2 46.Nxc4+ 
Bxc4 47.Kxc4 Rxh4+ 48.Kc3 Kb5 49.Rb1+ Kc5 50.Rg1 Rh3+ 51.Kb2 Kb5 52.g6 
hxg6 53.Rxg6 c5 54.Rg4 a5 55.Rf4 a4 56.Rg4 Rd3 57.Rh4 Rd4 58.Rh8 Kb4 59.
Rb8+ Kc4 60.Rh8 Re4 61.Ka3 Kd3 62.Rh5 c4 63.Kxa4 Re2 64.Rh3+ Kd4 65.Rh4+ 
Kc3 66.Ka3 Re3 67.Rh2 Kd3 68.Kb4 Rg3 69.Rf2 c3 70.Kb3 Rg8 71.Rf3+ Kd2 72.
Rf2+ Kd3 1/2-1/2

[Event "14th EUR-ch"]
[Site "Legnica POL"]
[Date "2013.05.08"]
[Round "4"]
[White "Grandelius, Nils"]
[Black "Movsesian, Sergei"]
[Result "0-1"]
[WhiteElo "2556"]
[BlackElo "2693"]
[EventDate "2013.05.05"]
[PlyCount "82"]

1.e4 c5 2.Nf3 Nc6 3.d4 cxd4 4.Nxd4 Qb6 5.Nb3 Nf6 6.Nc3 e6 7.Qe2 d6 8.g4 a6
9.g5 Nd7 10.h4 Qc7 11.h5 b5 12.Rh3 Nc5 13.Bf4 Nxb3 14.axb3 b4 15.Nd5 exd5 
16.exd5+ Ne5 17.Re3 f6 18.Bg3 Be7 19.f4 Ng4 20.Re4 Bf5 21.Bg2 Bxe4 22.Bxe4
Qc5 23.Kd2 Qd4+ 24.Bd3 Ne5 25.fxe5 fxe5 26.c3 bxc3+ 27.bxc3 Bxg5+ 28.Kc2 
Qe3 29.Bb5+ Kd8 30.Qg2 Rf8 31.Bc6 Rf3 32.Be1 Ra7 33.b4 e4 34.Kb3 Bf6 35.
Qh2 Kc7 36.Bd2 Qd4 37.Ka4 Rf2 38.Qh3 Qxd2 39.Ka5 Kb8 40.Qe6 Qa2+ 41.Kb6 
Bd8# 0-1

[Event "14th EUR-ch"]
[Site "Legnica POL"]
[Date "2013.05.08"]
[Round "4"]
[White "Handke, Florian"]
[Black "Nisipeanu, Liviu-Dieter"]
[Result "1/2-1/2"]
[WhiteElo "2545"]
[BlackElo "2679"]
[EventDate "2013.05.05"]
[PlyCount "111"]

1.d4 Nf6 2.Nf3 e6 3.c4 b6 4.g3 Ba6 5.b3 d5 6.cxd5 exd5 7.Bg2 Bd6 8.O-O O-O
9.Ba3 Bxa3 10.Nxa3 Qd6 11.Nc2 Re8 12.Ne3 Nbd7 13.Rc1 c5 14.Re1 g6 15.Qd2 
Rad8 16.Rcd1 Bb7 17.Qb2 Qe7 18.Nh4 Ne4 19.Ng4 h5 20.Bxe4 Qxe4 21.Ne3 Nf8 
22.Nf3 Qe7 23.Qd2 Qf6 24.Ng2 Re4 25.Qg5 Qxg5 26.Nxg5 Rxd4 27.Rxd4 cxd4 28.
Nf4 Rc8 29.Nf3 Ne6 30.Nxe6 fxe6 31.Nxd4 Kf7 32.f4 Kf6 33.Kf2 Rc3 34.Rd1 e5
35.fxe5+ Kxe5 36.h4 Bc8 37.Rd2 Bg4 38.Nb5 Rc5 39.Nxa7 Bd7 40.a4 Rc3 41.Rb2
d4 42.Nb5 Bxb5 43.axb5 Kd5 44.Ra2 Rxb3 45.Ra8 Rxb5 46.Rg8 Kc4 47.Rxg6 Rf5+
48.Ke1 b5 49.Kd2 b4 50.Rg5 Rb5 51.Kc2 b3+ 52.Kb2 Rb8 53.Rg7 Re8 54.Rc7+ 
Kd5 55.Rd7+ Kc5 56.Rc7+ 1/2-1/2

[Event "14th EUR-ch"]
[Site "Legnica POL"]
[Date "2013.05.08"]
[Round "4"]
[White "Potkin, Vladimir"]
[Black "Moranda, Wojciech"]
[Result "1/2-1/2"]
[WhiteElo "2666"]
[BlackElo "2560"]
[EventDate "2013.05.05"]
[PlyCount "82"]

1.d4 d5 2.c4 e6 3.Nc3 c5 4.cxd5 exd5 5.Nf3 Nc6 6.g3 Nf6 7.Bg2 Be7 8.O-O 
O-O 9.dxc5 Bxc5 10.a3 Ne4 11.Qc2 Nxc3 12.Qxc3 Bb6 13.b4 Bf5 14.Bb2 d4 15.
Qd2 Be4 16.a4 a6 17.b5 Na5 18.Qb4 axb5 19.axb5 Qd5 20.Bxd4 Bxf3 21.Bxb6 
Bxg2 22.Rfd1 Nc6 23.Qxf8+ Rxf8 24.Rxd5 Bxd5 25.bxc6 Bxc6 26.f3 Re8 27.Kf2 
f6 28.g4 Kf7 29.h4 Re5 30.Rb1 Rb5 31.Rxb5 Bxb5 32.e4 Ba4 33.Ke3 h6 34.h5 
Bd1 35.Kf4 Ke6 36.Bc5 b5 37.Bf8 Kf7 38.Bb4 Ke6 39.Bf8 Kf7 40.Ba3 Ke6 41.
Bf8 Kf7 1/2-1/2

[Event "14th EUR-ch"]
[Site "Legnica POL"]
[Date "2013.05.08"]
[Round "4"]
[White "Fedorchuk, Serhii"]
[Black "Esen, Baris"]
[Result "1-0"]
[WhiteElo "2660"]
[BlackElo "2557"]
[EventDate "2013.05.05"]
[PlyCount "63"]

1.e4 c5 2.Nf3 d6 3.d4 cxd4 4.Nxd4 Nf6 5.Nc3 a6 6.Be3 e5 7.Nb3 Be6 8.h3 Be7
9.Qd2 h5 10.O-O-O Nbd7 11.f4 b5 12.Kb1 Bc4 13.Be2 h4 14.Rhf1 Rc8 15.Nc1 
O-O 16.Bd3 Qc7 17.fxe5 dxe5 18.g4 hxg3 19.Rg1 Bb4 20.N1e2 Qa5 21.Bxc4 Rxc4
22.Rxg3 g6 23.Rf3 Nxe4 24.Qxd7 Bxc3 25.Bh6 Rc7 26.Qd5 Bxb2 27.Kxb2 Rfc8 
28.c3 Nc5 29.Qxe5 f5 30.Qf6 Kh7 31.Rg1 Rg8 32.Bf8 1-0

[Event "14th EUR-ch"]
[Site "Legnica POL"]
[Date "2013.05.08"]
[Round "4"]
[White "Ivanisevic, Ivan"]
[Black "Halkias, Stelios"]
[Result "1/2-1/2"]
[WhiteElo "2655"]
[BlackElo "2549"]
[EventDate "2013.05.05"]
[PlyCount "139"]

1.e4 e5 2.Nf3 Nc6 3.Nc3 Nf6 4.Bb5 Nd4 5.Bc4 Nxf3+ 6.gxf3 Bc5 7.Rg1 O-O 8.
d3 d5 9.exd5 Kh8 10.Bg5 Bf5 11.Qd2 a6 12.Bb3 Qd6 13.O-O-O Nh5 14.Kb1 b5 
15.Be3 Bb4 16.a3 Ba5 17.Qe1 Bg6 18.Bd2 Qf6 19.Ne4 Bxd2 20.Nxd2 a5 21.Qe3 
a4 22.Ba2 b4 23.axb4 a3 24.bxa3 Rxa3 25.Nc4 Ra4 26.Bb3 Rxb4 27.Rg5 Nf4 28.
Qxe5 Bxd3 29.Nd2 Bg6 30.Qxf6 gxf6 31.Rg4 Rfb8 32.Kb2 h5 33.Rgg1 Nxd5 34.
Ne4 c6 35.Rge1 Kg7 36.Ra1 Nf4 37.Rad1 Ne6 38.Kc3 Bxe4 39.Rxe4 Rxe4 40.fxe4
Nc5 41.f3 Nxb3 42.cxb3 f5 43.e5 c5 44.Ra1 Re8 45.Rg1+ Kf8 46.Re1 f6 47.e6 
Ke7 48.Kc4 Rb8 49.Re3 f4 50.Rc3 Kd6 51.Rd3+ Kxe6 52.h4 Rc8 53.Rd5 Rg8 54.
Rd3 Rc8 55.Rd1 Rb8 56.Ra1 Rb4+ 57.Kc3 Rb6 58.Re1+ Kd5 59.Rd1+ Ke5 60.Rd8 
Rd6 61.Re8+ Re6 62.Rh8 Kd6 63.Kc4 Re3 64.Rxh5 Rxf3 65.Rd5+ Ke6 66.Rxc5 Rh3
67.h5 f3 68.Kd3 f2+ 69.Ke2 Rxb3 70.Kxf2 1/2-1/2

[Event "14th EUR-ch"]
[Site "Legnica POL"]
[Date "2013.05.08"]
[Round "4"]
[White "Zviagintsev, Vadim"]
[Black "Goganov, Alexei"]
[Result "1/2-1/2"]
[WhiteElo "2655"]
[BlackElo "2552"]
[EventDate "2013.05.05"]
[PlyCount "87"]

1.e4 c5 2.Nf3 e6 3.g3 Nc6 4.Bg2 Nf6 5.Qe2 d5 6.exd5 Nxd5 7.O-O Be7 8.Rd1 
O-O 9.d4 cxd4 10.Nxd4 Nxd4 11.Rxd4 Bd7 12.c4 Qb6 13.Rd1 Nf6 14.Be3 Qa6 15.
Nc3 Bc6 16.b3 Rfd8 17.h3 Bb4 18.Nb5 Bxg2 19.Kxg2 Qc6+ 20.Qf3 Qxf3+ 21.Kxf3
Rxd1 22.Rxd1 a6 23.Nd4 Rd8 24.Rc1 Bc5 25.Ne2 Ba3 26.Rc2 Kf8 27.Nc3 Ke8 28.
g4 Nd7 29.Ne4 Ne5+ 30.Ke2 Nc6 31.c5 Ke7 32.Rc4 Bb2 33.a4 Be5 34.b4 Bc7 35.
b5 Ne5 36.Rc3 axb5 37.axb5 Ra8 38.b6 Bb8 39.Nd6 Ra2+ 40.Kf1 Bxd6 41.cxd6+ 
Kxd6 42.Bf4 Kd5 43.Rc7 Nf3 44.Kg2 1/2-1/2

[Event "14th EUR-ch"]
[Site "Legnica POL"]
[Date "2013.05.08"]
[Round "4"]
[White "Gajewski, Grzegorz"]
[Black "Sanikidze, Tornike"]
[Result "1/2-1/2"]
[WhiteElo "2653"]
[BlackElo "2549"]
[EventDate "2013.05.05"]
[PlyCount "166"]

1.d4 d5 2.c4 e6 3.Nc3 Bb4 4.Nf3 Nf6 5.Bg5 h6 6.Bxf6 Qxf6 7.Qb3 c5 8.cxd5 
exd5 9.a3 Bxc3+ 10.Qxc3 Nd7 11.e3 O-O 12.Be2 a6 13.O-O b5 14.a4 Rb8 15.
axb5 axb5 16.dxc5 Qxc3 17.bxc3 Nxc5 18.Rfb1 Ne4 19.Rxb5 Rxb5 20.Bxb5 Nxc3 
21.Bc6 Be6 22.Nd4 Rb8 23.f3 Rb2 24.Ra3 Ne2+ 25.Nxe2 Rxe2 26.Rd3 h5 27.Kf1 
Rc2 28.Bxd5 Bxd5 29.Rxd5 g6 30.Rd1 Kg7 31.Re1 Ra2 32.Re2 Ra3 33.Kf2 Kf6 
34.Rb2 Rc3 35.f4 Ke6 36.Rd2 Ra3 37.e4 Kf6 38.Rd6+ Kg7 39.e5 Rb3 40.Rd7 Kf8
41.Ke2 Ra3 42.Rd3 Ra2+ 43.Kf3 Rb2 44.Kg3 Kg7 45.Rd7 Kf8 46.Kh3 Re2 47.g3 
Kg7 48.Rc7 g5 49.Rc6 gxf4 50.gxf4 h4 51.Rf6 Rf2 52.Rf5 Kf8 53.Kxh4 Rxh2+ 
54.Kg3 Rh1 55.Rf6 Ra1 56.Kg4 Kg7 57.Rb6 Ra4 58.Kf5 Ra5 59.Rb7 Rc5 60.Rd7 
Ra5 61.Ke4 Ra4+ 62.Rd4 Ra1 63.f5 Kf8 64.Rd7 Re1+ 65.Kf4 Ke8 66.Ra7 Rg1 67.
Ra8+ Kd7 68.f6 Rf1+ 69.Kg5 Rg1+ 70.Kh6 Ke6 71.Re8+ Kf5 72.Kh7 Rg2 73.Re7 
Rg5 74.Re8 Rg2 75.Rg8 Ra2 76.Kg7 Kxe5 77.Kxf7 Kf5 78.Rf8 Ra7+ 79.Kg8 Kg6 
80.f7 Rb7 81.Re8 Rxf7 82.Re6+ Rf6 83.Rxf6+ Kxf6 1/2-1/2

[Event "14th EUR-ch"]
[Site "Legnica POL"]
[Date "2013.05.08"]
[Round "4"]
[White "Cyborowski, Lukasz"]
[Black "Istratescu, Andrei"]
[Result "1/2-1/2"]
[WhiteElo "2543"]
[BlackElo "2651"]
[EventDate "2013.05.05"]
[PlyCount "80"]

1.Nf3 c5 2.c4 Nc6 3.Nc3 e5 4.g3 g6 5.Bg2 Bg7 6.O-O Nge7 7.Ne1 d6 8.Nc2 Be6
9.d3 d5 10.cxd5 Nxd5 11.Ne3 Nde7 12.Nc4 O-O 13.a4 Rb8 14.a5 h6 15.f4 Kh7 
16.fxe5 Nxe5 17.Bf4 Bxc4 18.dxc4 Nxc4 19.Bxb8 Qxb8 20.Qd7 Bd4+ 21.Kh1 Qe5 
22.Qxb7 Ne3 23.Rf4 N7f5 24.Qxa7 Kg7 25.a6 g5 26.Rxf5 Nxf5 27.Qd7 g4 28.Qd5
Bxc3 29.bxc3 Qxc3 30.Qa2 Ne3 31.a7 Nxg2 32.Kxg2 Ra8 33.Qd5 Qxa1 34.Qxa8 
Qe5 35.Qb8 Qxe2+ 36.Kg1 Qe1+ 37.Kg2 Qe2+ 38.Kg1 Qe1+ 39.Kg2 Qe2+ 40.Kg1 
Qe1+ 1/2-1/2

[Event "14th EUR-ch"]
[Site "Legnica POL"]
[Date "2013.05.08"]
[Round "4"]
[White "Safarli, Eltaj"]
[Black "Pap, Gyula"]
[Result "1/2-1/2"]
[WhiteElo "2651"]
[BlackElo "2539"]
[EventDate "2013.05.05"]
[PlyCount "95"]

1.e4 e5 2.Nf3 Nc6 3.Bb5 a6 4.Ba4 Be7 5.O-O d6 6.Bxc6+ bxc6 7.d4 exd4 8.
Nxd4 c5 9.Nc6 Qd7 10.Na5 Bf6 11.e5 dxe5 12.Be3 Ne7 13.Nc3 Qxd1 14.Raxd1 
Bf5 15.Rd2 O-O 16.Bxc5 Rfe8 17.Nc4 Be6 18.Ne3 Bg5 19.Ne4 Bxe3 20.Bxe3 Rad8
21.Nc5 Bc8 22.Rfd1 Nc6 23.Kf1 Rxd2 24.Rxd2 Rd8 25.Ke2 f6 26.c4 Rxd2+ 27.
Kxd2 Nd8 28.Kc3 Kf7 29.a4 Ke7 30.b4 Ne6 31.Nd3 c6 32.b5 cxb5 33.cxb5 axb5 
34.axb5 Kd6 35.Nb2 Bb7 36.Nc4+ Kc7 37.g3 Bf3 38.Kb4 h5 39.Bb6+ Kd7 40.Bc5 
Nc7 41.b6 Ne6 42.Be3 Nd8 43.Nd2 Be2 44.Kc5 Nb7+ 45.Kd5 Bg4 46.f4 Be6+ 47.
Ke4 Nd6+ 48.Kd3 1/2-1/2

[Event "14th EUR-ch"]
[Site "Legnica POL"]
[Date "2013.05.08"]
[Round "4"]
[White "Petrosian, Tigran L."]
[Black "Prizant, Jaroslav"]
[Result "1-0"]
[WhiteElo "2645"]
[BlackElo "2537"]
[EventDate "2013.05.05"]
[PlyCount "93"]

1.Nf3 c5 2.e4 e6 3.d4 cxd4 4.Nxd4 a6 5.Bd3 Bc5 6.Nb3 Be7 7.O-O d6 8.Qg4 g6
9.Qe2 Qc7 10.a4 b6 11.Na3 Nd7 12.Nc4 Bb7 13.Be3 Ngf6 14.a5 b5 15.Nb6 Rb8 
16.c4 b4 17.c5 dxc5 18.Rfc1 O-O 19.f3 Rfd8 20.Na4 Nh5 21.Naxc5 Nxc5 22.
Nxc5 Nf4 23.Qf2 Nxd3 24.Nxd3 Qd7 25.Ne5 Qb5 26.Bc5 Rd1+ 27.Rxd1 Bxc5 28.
Rd4 Ba7 29.Rad1 Qxa5 30.f4 Bxe4 31.Nxf7 Bd5 32.Nh6+ Kg7 33.Ng4 Rc8 34.h3 
h5 35.Ne5 Bxd4 36.Rxd4 Qc5 37.Kh2 Qc2 38.Rd2 Qf5 39.Qa7+ Kg8 40.Rf2 h4 41.
Qe7 Rc2 42.Rxc2 Qxf4+ 43.Kg1 Qe3+ 44.Kf1 Bxg2+ 45.Kxg2 Qg3+ 46.Kf1 Qxh3+ 
47.Rg2 1-0

[Event "14th EUR-ch"]
[Site "Legnica POL"]
[Date "2013.05.08"]
[Round "4"]
[White "Balogh, Csaba"]
[Black "Zoler, Dan"]
[Result "1-0"]
[WhiteElo "2644"]
[BlackElo "2533"]
[EventDate "2013.05.05"]
[PlyCount "81"]

1.e4 c5 2.Nc3 d6 3.d4 cxd4 4.Qxd4 Nc6 5.Bb5 Bd7 6.Bxc6 Bxc6 7.Nf3 Nf6 8.
Bg5 e6 9.O-O-O Be7 10.Rhe1 O-O 11.Kb1 Qc7 12.Qd2 Rfd8 13.Nd4 Rac8 14.f3 a6
15.g4 b5 16.Nce2 Bb7 17.Ng3 Ne8 18.h4 Rd7 19.Bxe7 Rxe7 20.h5 Qc5 21.g5 b4 
22.g6 fxg6 23.hxg6 hxg6 24.Nge2 e5 25.Nb3 Qf2 26.Rf1 Qb6 27.Qg5 Re6 28.Ng1
a5 29.Nh3 a4 30.Nc1 Rf6 31.Qh4 Qc6 32.Rd2 a3 33.Ng5 axb2 34.Nb3 Ra8 35.Rh1
Kf8 36.Qh8+ Ke7 37.Rh7 Rf7 38.Qg8 Qc4 39.Rh8 Qf1+ 40.Kxb2 Rf6 41.Rh7 1-0

[Event "14th EUR-ch"]
[Site "Legnica POL"]
[Date "2013.05.08"]
[Round "4"]
[White "Postny, Evgeny"]
[Black "Sebenik, Matej"]
[Result "1-0"]
[WhiteElo "2637"]
[BlackElo "2527"]
[EventDate "2013.05.05"]
[PlyCount "97"]

1.d4 Nf6 2.c4 e6 3.g3 d5 4.Nf3 c5 5.Bg2 cxd4 6.O-O Bc5 7.Nxd4 O-O 8.Nb3 
Bb6 9.Nc3 Nc6 10.cxd5 Nxd5 11.Nxd5 exd5 12.Qxd5 Bg4 13.Qxd8 Raxd8 14.e3 
Be2 15.Re1 Bc4 16.Nd2 Ba5 17.Bxc6 bxc6 18.b4 Bxb4 19.Nxc4 Bxe1 20.Ba3 Bc3 
21.Rc1 Rd3 22.Bxf8 Kxf8 23.Kf1 Bf6 24.Ke2 Rd5 25.a4 Bd8 26.Nd2 Rd6 27.Rb1 
Ke7 28.Nc4 Rd7 29.Ne5 Rc7 30.Rb8 f6 31.Nd3 c5 32.Nf4 Rd7 33.Rc8 Bb6 34.Rc6
Kf7 35.Nd3 Rd5 36.Nb2 Ke7 37.Nc4 Bd8 38.f4 f5 39.Ra6 Rd7 40.Ne5 Rb7 41.Kd3
Bc7 42.Nc6+ Kd7 43.Nxa7 Rb3+ 44.Kc4 Rxe3 45.Nb5 Bd8 46.Kxc5 Be7+ 47.Kd5 
Bf6 48.Ra7+ Kc8 49.a5 1-0

[Event "14th EUR-ch"]
[Site "Legnica POL"]
[Date "2013.05.08"]
[Round "4"]
[White "Yilmaz, Mustafa"]
[Black "Stevic, Hrvoje"]
[Result "1/2-1/2"]
[WhiteElo "2537"]
[BlackElo "2637"]
[EventDate "2013.05.05"]
[PlyCount "101"]

1.d4 d5 2.c4 dxc4 3.e4 e5 4.Nf3 Bb4+ 5.Bd2 Bxd2+ 6.Qxd2 exd4 7.Nxd4 Nf6 8.
Nc3 O-O 9.O-O-O c5 10.Ndb5 Qxd2+ 11.Rxd2 a6 12.Nd6 b5 13.e5 Nfd7 14.f4 Nb6
15.Be2 Nc6 16.Nce4 Ra7 17.Nxc5 Rc7 18.Nxc8 Rfxc8 19.Rhd1 g5 20.Bg4 Nb4 21.
a3 Nd3+ 22.Nxd3 cxd3+ 23.Kb1 Re8 24.e6 fxe6 25.fxg5 Rc5 26.Rxd3 Rxg5 27.
Rg3 Kg7 28.Rd6 Nc4 29.Rxe6 Rxe6 30.Bxe6 Rxg3 31.hxg3 Kf6 32.Bc8 a5 33.Kc2 
Ke5 34.Bd7 Nd6 35.Kd3 Kd5 36.Bg4 a4 37.Bf3+ Kc5 38.Kc3 Nc4 39.Be2 Ne3 40.
Kd3 Nc4 41.Kc3 Ne3 42.Bd3 h6 43.Be4 Nd1+ 44.Kc2 Kd4 45.Bc6 Ne3+ 46.Kc1 Kc4
47.Bf3 Kd3 48.Bc6 Kc4 49.Bf3 Kd3 50.Bc6 Kc4 51.Bf3 1/2-1/2

[Event "14th EUR-ch"]
[Site "Legnica POL"]
[Date "2013.05.08"]
[Round "4"]
[White "Kozul, Zdenko"]
[Black "Kovalev, Vladislav"]
[Result "0-1"]
[WhiteElo "2624"]
[BlackElo "2523"]
[EventDate "2013.05.05"]
[PlyCount "84"]

1.d4 Nf6 2.Nf3 g6 3.c4 Bg7 4.Nc3 O-O 5.e4 d6 6.Be2 e5 7.O-O Na6 8.Re1 Qe8 
9.Bf1 Bg4 10.d5 Nb4 11.Be2 a5 12.Be3 Na6 13.Nd2 Bxe2 14.Qxe2 Nh5 15.a3 f5 
16.f3 Bf6 17.Nf1 Qe7 18.Rab1 Bg5 19.b4 Bxe3+ 20.Qxe3 axb4 21.axb4 Rf7 22.
Rb2 Raf8 23.Rd1 Nf4 24.Kh1 Nb8 25.exf5 gxf5 26.g3 Nh3 27.Qh6 Ng5 28.Nd2 
Rg7 29.Qh4 Nd7 30.Re1 Qf6 31.Rb3 Rg6 32.f4 exf4 33.Qxf4 Ne5 34.Nb5 Ra8 35.
Nxc7 Nh3 36.Qf1 Ra2 37.Qxh3 Rxd2 38.Qh5 Rh6 39.Ne8 Rxh2+ 40.Qxh2 Rxh2+ 41.
Kxh2 Qe7 42.Rxe5 Qxe5 0-1

[Event "14th EUR-ch"]
[Site "Legnica POL"]
[Date "2013.05.08"]
[Round "4"]
[White "Ardelean, George-Catalin"]
[Black "Miton, Kamil"]
[Result "1/2-1/2"]
[WhiteElo "2510"]
[BlackElo "2624"]
[EventDate "2013.05.05"]
[PlyCount "81"]

1.e4 c5 2.c3 d5 3.exd5 Qxd5 4.d4 Nf6 5.Nf3 Nc6 6.Be3 Bg4 7.Be2 cxd4 8.cxd4
e6 9.Nc3 Qd6 10.h3 Bh5 11.O-O Be7 12.a3 O-O 13.Qb3 Rfd8 14.Rfd1 Nd5 15.
Rac1 Nxc3 16.Rxc3 Rab8 17.d5 exd5 18.Rcd3 Bxf3 19.Bxf3 d4 20.Qa4 b5 21.Qc2
Rbc8 22.Bxc6 Rxc6 23.Qb3 Qd5 24.Qxd5 Rxd5 25.Rxd4 Rxd4 26.Rxd4 a6 27.Rd1 
f5 28.Rc1 Rxc1+ 29.Bxc1 Kf7 30.Kf1 Ke6 31.Ke2 Kd5 32.Kd3 Bc5 33.f3 Bd4 34.
b3 Bc5 35.a4 g6 36.axb5 axb5 37.Bb2 Bd6 38.Bc3 Bc5 39.Bb2 Bd6 40.Bc3 Bc5 
41.Bb2 1/2-1/2

[Event "14th EUR-ch"]
[Site "Legnica POL"]
[Date "2013.05.08"]
[Round "4"]
[White "Guseinov, Gadir"]
[Black "Gallagher, Joseph"]
[Result "0-1"]
[WhiteElo "2623"]
[BlackElo "2507"]
[EventDate "2013.05.05"]
[PlyCount "66"]

1.e4 c5 2.Nf3 d6 3.d4 cxd4 4.Nxd4 Nf6 5.Nc3 a6 6.Bg5 Nbd7 7.Qe2 h6 8.Bh4 
g6 9.f4 e5 10.fxe5 dxe5 11.O-O-O Qc7 12.Nb3 b5 13.g4 Be7 14.Bg2 b4 15.Bxf6
Nxf6 16.Nd5 Nxd5 17.exd5 Bd6 18.h4 a5 19.Nd4 Ba6 20.Qe4 a4 21.Kb1 a3 22.h5
gxh5 23.Nc6 hxg4 24.Qxg4 axb2 25.Rhe1 Kf8 26.Nxe5 Bxe5 27.d6 Bc4 28.Qxc4 
Qxc4 29.Bxa8 b3 30.cxb3 Qc3 31.Re2 Kg7 32.Be4 Rd8 33.Rc2 Qe3 0-1

[Event "14th EUR-ch"]
[Site "Legnica POL"]
[Date "2013.05.08"]
[Round "4"]
[White "Jaracz, Pawel"]
[Black "Dubov, Daniil"]
[Result "1/2-1/2"]
[WhiteElo "2527"]
[BlackElo "2622"]
[EventDate "2013.05.05"]
[PlyCount "80"]

1.d4 d5 2.c4 c6 3.Nf3 Nf6 4.e3 Bf5 5.Nc3 e6 6.Nh4 Be4 7.f3 Bg6 8.Qb3 Qc7 
9.Bd2 Be7 10.g3 Bh5 11.O-O-O Nfd7 12.Be2 Nb6 13.cxd5 cxd5 14.Ng2 Nc6 15.
Nf4 Bg6 16.Nxg6 hxg6 17.Kb1 a6 18.Na4 Nd7 19.Rc1 b5 20.Nc5 Nxc5 21.dxc5 
Ne5 22.Bc3 Nc4 23.Qd1 O-O 24.b3 Nxe3 25.Qd2 Nf5 26.g4 Nh4 27.f4 Rfc8 28.
Bd4 g5 29.fxg5 Qd8 30.Be3 e5 31.Bd3 Nf3 32.Qf2 e4 33.Rhd1 Nxg5 34.h4 exd3 
35.hxg5 Bxg5 36.Rxd3 Qe7 37.Bxg5 Qxg5 38.Qf5 Qxf5 39.gxf5 Rd8 40.Rcd1 Kf8 
1/2-1/2

[Event "14th EUR-ch"]
[Site "Legnica POL"]
[Date "2013.05.08"]
[Round "4"]
[White "Michiels, Bart"]
[Black "Bartel, Mateusz"]
[Result "0-1"]
[WhiteElo "2505"]
[BlackElo "2619"]
[EventDate "2013.05.05"]
[PlyCount "54"]

1.d4 Nf6 2.c4 e6 3.Nc3 Bb4 4.Qc2 O-O 5.a3 Bxc3+ 6.Qxc3 d6 7.Nf3 Nc6 8.g3 
e5 9.dxe5 dxe5 10.Nxe5 Nxe5 11.Qxe5 Re8 12.Qc3 Ne4 13.Qf3 Qd4 14.e3 Nc5 
15.Be2 Qe5 16.O-O Nb3 17.Ra2 Bh3 18.Rd1 Rad8 19.Bf1 Qf5 20.Rxd8 Rxd8 21.
Qxb7 Rd1 22.Qb8+ Qc8 23.Qxc8+ Bxc8 24.Kg2 Bb7+ 25.f3 Bxf3+ 26.Kxf3 Rxf1+ 
27.Ke4 Rxc1 0-1

[Event "14th EUR-ch"]
[Site "Legnica POL"]
[Date "2013.05.08"]
[Round "4"]
[White "Tratar, Marko"]
[Black "Grigorian, Avetik"]
[Result "1-0"]
[WhiteElo "2498"]
[BlackElo "2616"]
[EventDate "2013.05.05"]
[PlyCount "121"]

1.c4 Nf6 2.Nc3 e6 3.e4 c5 4.Nf3 Nc6 5.Be2 a6 6.O-O Qc7 7.b3 Bd6 8.Bb2 Nd4 
9.g3 Nxf3+ 10.Bxf3 Be5 11.Qc2 b6 12.Rfe1 O-O 13.Ne2 Bb7 14.d4 cxd4 15.Nxd4
Rac8 16.a4 Rfe8 17.Qd2 Qb8 18.Bg2 Red8 19.f4 Bc7 20.e5 Ne8 21.Bxb7 Qxb7 
22.Qg2 Rb8 23.Qxb7 Rxb7 24.Rad1 Rc8 25.Ba3 f6 26.Kg2 Bd8 27.Rd3 g6 28.Red1
Kf7 29.Nf3 Rcc7 30.exf6 Kxf6 31.Ne5 Be7 32.Nxd7+ Kf7 33.Ne5+ Kf8 34.Bxe7+ 
Kxe7 35.Rd8 b5 36.axb5 axb5 37.c5 Nf6 38.c6 Ra7 39.Rh8 Ra2+ 40.Kg1 Rb2 41.
g4 Rxb3 42.g5 Nd5 43.Rxh7+ Kd8 44.Rh8+ Ke7 45.Rh7+ Kd8 46.Rh8+ Ke7 47.
Nxg6+ Kd6 48.Ne5 Kc5 49.Rf8 b4 50.g6 Rh3 51.Rf7 Rc8 52.g7 Rh7 53.Kh1 Rg8 
54.Rg1 b3 55.c7 b2 56.Nd3+ Kd6 57.Nxb2 Nxc7 58.Nc4+ Kc6 59.Ne5+ Kb6 60.
Nd7+ Kc6 61.Nf6 1-0

[Event "14th EUR-ch"]
[Site "Legnica POL"]
[Date "2013.05.08"]
[Round "4"]
[White "Predke, Alexander"]
[Black "Solak, Dragan"]
[Result "0-1"]
[WhiteElo "2494"]
[BlackElo "2602"]
[EventDate "2013.05.05"]
[PlyCount "70"]

1.e4 c6 2.d4 d5 3.e5 Bf5 4.Nf3 e6 5.Be2 Bg6 6.Nbd2 Ne7 7.O-O Nf5 8.Nb3 Nd7
9.Bd2 Rc8 10.Rc1 Nb6 11.Qe1 Nc4 12.Bb4 Bh5 13.Bxf8 Kxf8 14.Nbd2 Nxd2 15.
Qxd2 g6 16.b4 Kg7 17.c3 Bxf3 18.Bxf3 h5 19.g3 a5 20.a3 Ra8 21.Be2 Qe7 22.
Bd3 Nh6 23.Ra1 b5 24.a4 axb4 25.axb5 Rxa1 26.Rxa1 bxc3 27.Qxc3 cxb5 28.Rb1
h4 29.Bxb5 Qg5 30.Be2 hxg3 31.hxg3 Nf5 32.Bf1 Qg4 33.Rb4 Qh5 34.Bg2 Qd1+ 
35.Bf1 Rh1+ 0-1

[Event "14th EUR-ch"]
[Site "Legnica POL"]
[Date "2013.05.08"]
[Round "4"]
[White "Macieja, Bartlomiej"]
[Black "Airapetian, Yury"]
[Result "1-0"]
[WhiteElo "2600"]
[BlackElo "2498"]
[EventDate "2013.05.05"]
[PlyCount "89"]

1.e4 d6 2.d4 Nf6 3.Nc3 g6 4.Bg5 Bg7 5.f4 h6 6.Bh4 c5 7.e5 Nh5 8.dxc5 Nxf4 
9.exd6 Bxc3+ 10.bxc3 Qa5 11.Qd4 O-O 12.Bxe7 Nc6 13.Qxf4 Qxc3+ 14.Kf2 Qxa1 
15.Bf6 g5 16.Qxg5+ hxg5 17.Bxa1 f6 18.Bc4+ Kh7 19.Bd3+ Kg7 20.Nf3 g4 21.
Nd4 Bd7 22.Nf5+ Kg6 23.Ne7+ Kh6 24.Rb1 Rab8 25.Nxc6 Bxc6 26.Kg3 Kg5 27.Rf1
f5 28.Be5 Rbe8 29.Bf4+ Kg6 30.Rb1 Rb8 31.Rb3 Bd5 32.Ra3 Rbc8 33.Ra5 Rce8 
34.Ra4 Rc8 35.Be3 a6 36.Rxg4+ Kh7 37.Kf4 Be6 38.Rg5 Kh6 39.Bxf5 Bxf5 40.
Rxf5 Kg6 41.Rxf8 Rxf8+ 42.Ke5 Re8+ 43.Kd5 Kf7 44.d7 Rg8 45.Kd6 1-0

[Event "14th EUR-ch"]
[Site "Legnica POL"]
[Date "2013.05.08"]
[Round "4"]
[White "Salgado Lopez, Ivan"]
[Black "Kanarek, Marcel"]
[Result "1-0"]
[WhiteElo "2598"]
[BlackElo "2474"]
[EventDate "2013.05.05"]
[PlyCount "85"]

1.e4 c5 2.c3 d5 3.exd5 Qxd5 4.Nf3 Nf6 5.d4 e6 6.Be3 cxd4 7.cxd4 Bb4+ 8.Nc3
O-O 9.Bd3 b6 10.O-O Bxc3 11.bxc3 Ba6 12.Bxa6 Nxa6 13.Qe2 Nb8 14.c4 Qe4 15.
Nd2 Qb7 16.a4 Nc6 17.Nb3 Rac8 18.Rfc1 Rfd8 19.h3 Qe7 20.Qb2 Qb4 21.Qa2 Na5
22.Nxa5 Qxa5 23.Qb1 Qa6 24.Qb5 Qb7 25.a5 Qd7 26.Qb3 Qb7 27.Rcb1 Qc6 28.
axb6 axb6 29.Ra4 Rd6 30.Rb4 Qd7 31.c5 bxc5 32.Rb7 Qe8 33.dxc5 Rdc6 34.Rc1 
R6c7 35.Rxc7 Rxc7 36.Bd4 Nd7 37.c6 e5 38.Bb6 Rc8 39.Ba5 Nb8 40.c7 Nd7 41.
Rd1 Nc5 42.Qb6 Nd7 43.Qb5 1-0

[Event "14th EUR-ch"]
[Site "Legnica POL"]
[Date "2013.05.08"]
[Round "4"]
[White "Kravtsiv, Martyn"]
[Black "Antipov, Mikhail"]
[Result "1-0"]
[WhiteElo "2595"]
[BlackElo "2464"]
[EventDate "2013.05.05"]
[PlyCount "99"]

1.e4 c5 2.Nf3 d6 3.d4 cxd4 4.Nxd4 Nf6 5.Nc3 a6 6.Be3 e6 7.Be2 Qc7 8.f4 b5 
9.Bf3 Bb7 10.a3 Nbd7 11.Qe2 Nc5 12.Bf2 Be7 13.O-O O-O 14.Rad1 Rad8 15.Kh1 
Rfe8 16.Bh4 Nfd7 17.Bxe7 Rxe7 18.b4 Na4 19.Nxa4 bxa4 20.c4 Rc8 21.Rc1 e5 
22.Nf5 Re6 23.Qb2 h5 24.fxe5 Nxe5 25.c5 dxc5 26.Rxc5 Qb8 27.Bxh5 Rf8 28.
Qd4 g6 29.Nh6+ Kh7 30.Ng4 Nxg4 31.Bxg4 Rxe4 32.Rh5+ gxh5 33.Bf5+ Kg8 34.
Bxe4 Bxe4 35.Qxe4 Qb5 36.Qf3 Qe5 37.h3 f6 38.Qf5 Qxf5 39.Rxf5 Re8 40.Rxf6 
Re3 41.Rh6 Rxa3 42.Rxh5 Rb3 43.Ra5 Rxb4 44.Rxa6 Rb1+ 45.Kh2 Ra1 46.Ra7 a3 
47.h4 a2 48.Kg3 Kf8 49.Kg4 Kg8 50.h5 1-0

[Event "14th EUR-ch"]
[Site "Legnica POL"]
[Date "2013.05.08"]
[Round "4"]
[White "Gagunashvili, Merab"]
[Black "Kjartansson, Gudmundur"]
[Result "1-0"]
[WhiteElo "2592"]
[BlackElo "2446"]
[EventDate "2013.05.05"]
[PlyCount "113"]

1.d4 d5 2.c4 c6 3.Nf3 Nf6 4.Nc3 dxc4 5.a4 Bf5 6.e3 e6 7.Bxc4 Bb4 8.O-O O-O
9.Nh4 Bg4 10.f3 Nd5 11.fxg4 Qxh4 12.Qf3 Qd8 13.Bd2 Be7 14.Qf2 Nd7 15.a5 b5
16.axb6 axb6 17.Rxa8 Qxa8 18.Qf3 h6 19.Kh1 Bg5 20.Ne4 b5 21.Bd3 Be7 22.Qh3
Qd8 23.Rc1 Bb4 24.Nc3 Nxc3 25.bxc3 Be7 26.Qg3 Nc5 27.Bc2 Qd5 28.Qf3 Na4 
29.e4 Qc4 30.e5 Bg5 31.Bd3 Qa2 32.Bxg5 hxg5 33.Qe3 Qa3 34.h3 Nb2 35.Be4 b4
36.Qxg5 bxc3 37.h4 Nc4 38.Bd3 Nd2 39.Re1 Qb4 40.h5 Rb8 41.h6 Qf8 42.Rc1 
Nb3 43.Rxc3 Kh8 44.Rxc6 gxh6 45.Qf6+ Qg7 46.Rd6 Kg8 47.Rd7 Rf8 48.Qxg7+ 
Kxg7 49.Bc4 Rb8 50.Bxe6 Nxd4 51.Bxf7 Kf8 52.Bh5 Nc6 53.Rf7+ Kg8 54.e6 Ne5 
55.Rc7 Rb1+ 56.Kh2 Re1 57.e7 1-0

[Event "14th EUR-ch"]
[Site "Legnica POL"]
[Date "2013.05.08"]
[Round "4"]
[White "Goumas, Georgios"]
[Black "Svetuschin, Dumitru"]
[Result "0-1"]
[WhiteElo "2410"]
[BlackElo "2588"]
[EventDate "2013.05.05"]
[PlyCount "68"]

1.e4 c6 2.Nc3 d5 3.Nf3 Bg4 4.h3 Bxf3 5.Qxf3 e6 6.d3 Nd7 7.Bd2 g6 8.O-O-O 
Bg7 9.h4 h5 10.Qg3 Ne7 11.f4 b5 12.f5 Be5 13.Bf4 Bxf4+ 14.Qxf4 gxf5 15.
exd5 Nxd5 16.Nxd5 cxd5 17.d4 Rb8 18.Re1 Kf8 19.Qd6+ Kg7 20.Rh3 Nf6 21.Qe5 
Kh7 22.Rc3 Rb7 23.Be2 Ne4 24.Ra3 b4 25.Re3 b3 26.cxb3 Qa5 27.Bd3 Qxa2 28.
Bxe4 dxe4 29.Rg3 Qa1+ 30.Kd2 Qxb2+ 31.Kd1 Rg8 32.Rxg8 Qxb3+ 33.Ke2 Kxg8 
34.Rc1 Qb5+ 0-1